书目信息 |
| 题名: |
基础护理学
|
|
| 作者: | 基础护理学编写修订组 编 | |
| 分册: | ||
| 出版信息: | 北京 战士出版社 1981 |
|
| 页数: | 311页 | |
| 开本: | 19cm | |
| 丛书名: | ||
| 单 册: | ||
| 中图分类: | R471 | |
| 科图分类: | ||
| 主题词: | 护理学--教材 | |
| 电子资源: | ||
| ISBN: | ||
| 000 | 00690nam0 2200241 45 | |
| 001 | 0181000982 | |
| 005 | 20061121093306.76 | |
| 010 | @dCNY1.05 | |
| 091 | @aCN@b14185.17 | |
| 100 | @a19950602d1981 em y0chiy0121 ea | |
| 101 | 0 | @achi |
| 102 | @aCN@b110000 | |
| 105 | @ay z 000yy | |
| 200 | 10 | @a基础护理学@Aji chu hu li xue@f基础护理学编写修订组编@Fji chu hu li xue bian xie xiu ding zu bian |
| 210 | @a北京@c战士出版社@d1981 | |
| 215 | @a311页@d19cm | |
| 300 | @a护士教材 | |
| 606 | @a护理学@x教材 | |
| 690 | @aR471@v3 | |
| 701 | 0 | @a基础护理学编写修订组@Aji chu hu li xue bian xie xiu ding zu@4编 |
| 801 | 2 | @aCN@bNLC@c20061121 |
| 801 | 0 | @aCN@bTSSF |
| 905 | @a10447@dR471@e6 | |
| 基础护理学/基础护理学编写修订组编.-北京:战士出版社,1981 |
| 311页;19cm |
| 护士教材 |
| ISBN :CNY1.05 |
| ● |
| 相关链接 |
|
|
|
|
正题名:基础护理学
索取号:R471/6
 
预约/预借
| 序号 | 登录号 | 条形码 | 馆藏地/架位号 | 状态 | 备注 |
| 1 | 0045690 | 000714668 | 第二样本阅览室/ [索取号:R471/6] | 在馆 |